عرض عادي
عرض مارك
- Naramore, Elizabeth.
مدخل إسم شخص
001 - رقم الضبط
- حقل الضبط: 8732
003 - معرف رقم الضبط
- حقل الضبط: OSt
005 - تاريخ ووقت أخر عملية
- حقل الضبط: 20111220144752.0
008 - عناصر بيانات ثابتة الطول
- حقل تحكم ثابت الطول: 111220|||a|||||| | ||| d
040 ## - مصدر الفهرسة
- هيئة الفهرسة الأصلية: OSt
- وكالة الكتابة: OSt
100 ## - مدخل -- أسم شخص
- إسم شخص: Naramore, Elizabeth.
670 ## - بيانات المصدر موجوده
- الاستشهاد بالمصدر: Work cat.: (OSt)3715: Beginning PHP5, Apache, and MySQL Web development /, c2005.
